A book of honey
Gespeichert in:
| 1. Verfasser: | |
|---|---|
| Format: | Buch |
| Sprache: | Undetermined |
| Veröffentlicht: |
New York
Oxford University Press
1980
|
| Schlagworte: | |
| Tags: |
Tag hinzufügen
Keine Tags, Fügen Sie den ersten Tag hinzu!
|
| Thư viện lưu trữ: | Trung tâm Học liệu Trường Đại học Cần Thơ |
|---|
| LEADER | 00481nam a2200193Ia 4500 | ||
|---|---|---|---|
| 001 | CTU_126538 | ||
| 008 | 210402s9999 xx 000 0 und d | ||
| 020 | |c £6.95 | ||
| 082 | |a 641.38 | ||
| 082 | |b C891 | ||
| 100 | |a Crane, Eva | ||
| 245 | 2 | |a A book of honey | |
| 245 | 0 | |c Eva Crane | |
| 260 | |a New York | ||
| 260 | |b Oxford University Press | ||
| 260 | |c 1980 | ||
| 650 | |a Honey | ||
| 904 | |i M.Loan, Huỳnh Mai | ||
| 980 | |a Trung tâm Học liệu Trường Đại học Cần Thơ | ||